Manual de plásticos / (Record no. 182965)

MARC details
000 -LEADER
campo de control de longitud fija 00729nam a22002051i 4500
001 - NÚMERO DE CONTROL
campo de control 182965
003 - IDENTIFICADOR DE NÚMERO DE CONTROL
campo de control ES-MaACL
005 - FECHA Y HORA DE LA ÚLTIMA TRANSACCIÓN
campo de control 20230906221744.0
008 - DATOS DE LONGITUD FIJA--INFORMACIÓN GENERAL
campo de control de longitud fija 140107s1963 sp |||| | spa d
080 ## - NÚMERO DE LA CLASIFICACIÓN DECIMAL UNIVERSAL
Número de la Clasificación Decimal Universal 679.5(02)
100 1# - ENTRADA PRINCIPAL--NOMBRE DE PERSONA
Nombre de persona Pabst, Franz.
9 (RLIN) 154076
245 10 - MENCIÓN DEL TÍTULO
Título Manual de plásticos /
Mención de responsabilidad, etc. iniciado por el Dr. F. Pabst ; [versión por el Dr. Juan-Bautista Vericad] ; Saechtlin, Zebrowski.
260 ## - PUBLICACIÓN, DISTRIBUCIÓN, ETC.
Lugar de publicación, distribución, etc. Barcelona :
Nombre del editor, distribuidor, etc. Reverté :
-- [Casa Provincial de Caridad],
Fecha de publicación, distribución, etc. 1963.
300 ## - DESCRIPCIÓN FÍSICA
Extensión 434 p., 7 tab. pleg. :
Otras características físicas il. ;
Dimensiones 22 cm.
650 #4 - PUNTO DE ACCESO ADICIONAL DE MATERIA--TÉRMINO DE MATERIA
Término de materia o nombre geográfico como elemento de entrada Plásticos.
9 (RLIN) 144551
700 1# - ENTRADA AGREGADA--NOMBRE PERSONAL
Nombre de persona Vericad, Juan Bautista.
9 (RLIN) 114130
700 1# - ENTRADA AGREGADA--NOMBRE PERSONAL
Nombre de persona Zebrowski, Willi.
9 (RLIN) 154077
700 1# - ENTRADA AGREGADA--NOMBRE PERSONAL
Nombre de persona Saechtling, Hansjürgen.
9 (RLIN) 154078
852 ## - LOCALIZACIÓN
Ubicación ES-MaACL
Número de control de estantería C-24988
Holdings
Estatus retirado Estado de pérdida Estado de daño No para préstamo Biblioteca de origen Biblioteca actual Ubicación en estantería Fecha de adquisición Fuente de adquisición Total de préstamos Signatura topográfica completa Código de barras Visto por última vez Precio de reemplazo Tipo de ítem Koha
        Biblioteca del Ateneo de Madrid Biblioteca del Ateneo de Madrid Depósito 2 07/01/2014     C-24988 1192300 23/02/2023 23/02/2023 Libro impreso